Dopasuj imię do nazwiska - polscy kolarze - Statystyki

Ogólne statystyki
  • Ten quiz został rozwiązany 13 razy
  • Średni wynik to 14 z 20
Statystyki odpowiedzi
Hint Odpowiedź % Poprawnych
Czesław Lang
100%
Rafał Majka
100%
Katarzyna Niewiadoma
100%
Maja Włoszczowska
100%
Michał Kwiatkowski
92%
Ryszard Szurkowski
92%
Maciej Bodnar
85%
Daria Pikulik
85%
Dariusz Baranowski
77%
Zenon Jaskuła
77%
Stanisław Szozda
77%
Joachim Halupczok
69%
Lech Piasecki
69%
Marek Leśniewski
54%
Tadeusz Mytnik
54%
Zbigniew Spruch
54%
Jan Jankiewicz
46%
Andrzej Mierzejewski
46%
Mieczysław Nowicki
38%
Janusz Kowalski
31%
Nie znaleziono quizów pasujących do podanych kryteriów
Rozkład punktacji
Procent ludzi z każdym wynikiem
Percentyl według liczby udzielonych odpowiedzi
Twoja historia wyników
Nie rozwiązałeś tego quizu